[Event "IECG CC.2006.0.00138 email"]
[Site "IECG email"]
[Date "2006.07.17"]
[Round "1"]
[White "Gurkan, Ibrahim"]
[Black "Yilmaz, Izzet"]
[Result "0-1"]
[WhiteElo "1700"]
[BlackElo "1780"]
[PlyCount "52"]
[EventDate "2006.07.17"]
[EventType "tourn (corr)"]
[EventRounds "6"]
[SourceTitle "Corr 2008"]
[Source "ChessBase"]
[SourceDate "2008.06.24"]
[SourceVersion "1"]
[SourceVersionDate "2008.06.24"]
[SourceQuality "1"]

1. e4 e6 2. d4 d5 3. Nd2 Nf6 4. e5 Nfd7 5. Ndf3 c5 6. c3 Nc6 7. Bd3 cxd4 8. cxd4 f6 9. exf6 Nxf6 10. Ne2 Bd6 11. 0-0 0-0 12. a3 Ng4 13. Ng3 e5 14. dxe5 Ngxe5 15. Nxe5 Nxe5 16. Bc2 Be6 17. Bd2 Qh4 18. Qh5 Qxh5 19. Nxh5 Rac8 20. Rac1 g6 21. Ng3 Bc5 22. Ne2 Rxf2 23. Rxf2 Ng4 24. Rcf1 Nxf2 25. Rxf2 Bxf2+ 26. Kxf2 Rxc2 0-1

[Event "IECG QC.2006.0.00080 email"]
[Site "IECG email"]
[Date "2006.07.02"]
[Round "?"]
[White "Gurkan, Ibrahim"]
[Black "Eraclides, George"]
[Result "0-1"]
[WhiteElo "1700"]
[BlackElo "1739"]
[PlyCount "40"]
[EventDate "2006.07.02"]
[EventType "tourn (corr)"]
[EventRounds "6"]
[SourceTitle "Corr 2011"]
[Source "ChessBase"]
[SourceDate "2010.08.31"]
[SourceVersion "1"]
[SourceVersionDate "2010.08.31"]
[SourceQuality "1"]

1. e4 c5 2. Nf3 d6 3. d4 cxd4 4. Nxd4 Nf6 5. Nc3 Nc6 6. f3 e5 7. Ndb5 a6 8. Na3 Be6 9. Be3 Be7 10. Qd2 b5 11. Nd5 b4 12. Nc4 0-0 13. 0-0-0 Ne8 14. Ncb6 Rb8 15. Bxa6 Nd4 16. Bxd4 exd4 17. Qxd4 Bf6 18. Nxf6+ Nxf6 19. Nd5 Bxd5 20. exd5 Qa5 0-1

[Event "IECG QC.2006.0.00080 email"]
[Site "IECG email"]
[Date "2006.07.02"]
[Round "?"]
[White "Sherwood, Aaron"]
[Black "Gurkan, Ibrahim"]
[Result "1-0"]
[WhiteElo "1453"]
[BlackElo "1700"]
[PlyCount "35"]
[EventDate "2006.07.02"]
[EventType "tourn (corr)"]
[EventRounds "6"]
[SourceTitle "Corr 2011"]
[Source "ChessBase"]
[SourceDate "2010.08.31"]
[SourceVersion "1"]
[SourceVersionDate "2010.08.31"]
[SourceQuality "1"]

1. d4 e6 2. Nf3 Nf6 3. e3 d5 4. Bd3 c5 5. c3 Nc6 6. Nbd2 cxd4 7. exd4 Be7 8. 0-0 0-0 9. Re1 Bd7 10. Ne5 Rc8 11. Ndf3 Nxe5 12. Nxe5 Bc6 13. Bf4 Qe8 14. Re3 Bb5 15. Bc2 Nd7 16. Bxh7+ Kxh7 17. Rh3+ Kg8 18. Qh5 1-0

[Event "LSS RI-2006-0-00057"]
[Site "LSS email"]
[Date "2006.06.23"]
[Round "?"]
[White "Gurkan, Ibrahim"]
[Black "Veits, Mikus"]
[Result "1-0"]
[WhiteElo "1411"]
[BlackElo "1592"]
[PlyCount "23"]
[EventDate "2006.06.13"]
[EventType "tourn (corr)"]
[EventRounds "6"]
[EventCountry "GER"]
[SourceTitle "Corr 2015"]
[Source "ChessBase"]
[SourceDate "2015.07.17"]
[SourceVersion "1"]
[SourceVersionDate "2015.07.17"]
[SourceQuality "1"]

1. e4 c5 2. Nf3 Nc6 3. d4 cxd4 4. Nxd4 Nf6 5. Nc3 d6 6. f3 e5 7. Ndb5 a6 8. Na3 b5 9. Nd5 Be6 10. Bg5 Be7 11. Bxf6 Bxf6 12. Qd2 1-0

[Event "IECG RI.2006.0.00057"]
[Site "IECG email"]
[Date "2006.06.13"]
[Round "?"]
[White "Luers, Charles J"]
[Black "Gurkan, Ibrahim"]
[Result "1-0"]
[WhiteElo "1800"]
[BlackElo "1700"]
[PlyCount "41"]
[EventDate "2006.06.13"]
[EventType "tourn (corr)"]
[EventRounds "6"]
[SourceTitle "Corr 2008"]
[Source "ChessBase"]
[SourceDate "2008.06.24"]
[SourceVersion "1"]
[SourceVersionDate "2008.06.24"]
[SourceQuality "1"]

1. e4 e6 2. d4 d5 3. Nc3 Nf6 4. Bg5 Be7 5. e5 Nfd7 6. Bxe7 Qxe7 7. f4 a6 8. Nf3 c5 9. dxc5 Nxc5 10. Qd2 0-0 11. Bd3 Nxd3+ 12. Qxd3 Nc6 13. 0-0-0 b5 14. Ng5 g6 15. h4 b4 16. Ne2 a5 17. h5 a4 18. Nxh7 Rd8 19. hxg6 fxg6 20. Nf6+ Kg7 21. Rh7+ 1-0

[Event "IECC CL6-2000.38"]
[Site "IECC email"]
[Date "2000.12.28"]
[Round "?"]
[White "Ortiz, Lee"]
[Black "Gurkan, Ibrahim"]
[Result "1-0"]
[WhiteElo "1090"]
[BlackElo "1287"]
[PlyCount "57"]
[EventDate "2000.??.??"]
[EventType "tourn (corr)"]
[EventRounds "4"]
[SourceTitle "Corr 2008"]
[Source "ChessBase"]
[SourceDate "2008.06.24"]
[SourceVersion "1"]
[SourceVersionDate "2008.06.24"]
[SourceQuality "1"]

1. e4 e6 2. d4 d5 3. exd5 exd5 4. Nf3 Bd6 5. Bd3 Ne7 6. 0-0 0-0 7. Be3 Bf5 8. c3 Bxd3 9. Qxd3 c6 10. Nbd2 Nd7 11. Rfe1 Nf6 12. Bg5 Ng6 13. Ne5 h6 14. Bxf6 Qxf6 15. Nd7 Qh4 16. Nf3 Qg4 17. Nxf8 Nf4 18. Qf1 Kxf8 19. Ne5 Qh5 20. Re3 f6 21. Nf3 g5 22. g3 Nh3+ 23. Kh1 f5 24. Qg2 g4 25. Ne5 f4 26. Ree1 Re8 27. Nd7+ Kf7 28. Rxe8 Kxe8 29. Nf6+ 1-0

[Event "IECC TH-T email"]
[Site "IECC email"]
[Date "2000.04.14"]
[Round "?"]
[White "Gurkan, Ibrahim"]
[Black "D'Elia, Michele"]
[Result "0-1"]
[WhiteElo "1383"]
[BlackElo "1592"]
[PlyCount "50"]
[EventDate "2000.??.??"]
[EventType "match (corr)"]
[EventRounds "2"]
[SourceTitle "Corr 2008"]
[Source "ChessBase"]
[SourceDate "2008.06.24"]
[SourceVersion "1"]
[SourceVersionDate "2008.06.24"]
[SourceQuality "1"]

1. e4 c6 2. d4 d5 3. exd5 cxd5 4. Bd3 Nc6 5. c3 Nf6 6. Bf4 e6 7. Nf3 Be7 8. Nbd2 0-0 9. 0-0 Bd6 10. Bxd6 Qxd6 11. Re1 Re8 12. Ne5 Nd7 13. Qh5 g6 14. Nxf7 Qe7 15. Nh6+ Kg7 16. Qh3 Qg5 17. Ng4 Qxd2 18. Re3 h5 19. Rae1 hxg4 20. Qxg4 Nf8 21. Kf1 e5 22. Qg5 e4 23. Qxd5 Be6 24. Qxe4 Bf5 25. Qf3 Bxd3+ 0-1

[Event "IECC O email"]
[Site "IECC email"]
[Date "2000.01.23"]
[Round "?"]
[White "Healy, Joseph"]
[Black "Gurkan, Ibrahim"]
[Result "0-1"]
[WhiteElo "1500"]
[BlackElo "1373"]
[PlyCount "52"]
[EventDate "2000.??.??"]
[EventType "tourn (corr)"]
[EventRounds "6"]
[SourceTitle "Corr 2008"]
[Source "ChessBase"]
[SourceDate "2008.06.24"]
[SourceVersion "1"]
[SourceVersionDate "2008.06.24"]
[SourceQuality "1"]

1. c4 Nf6 2. Nc3 g6 3. g3 Bg7 4. Bg2 0-0 5. d3 c6 6. e4 e5 7. Nge2 d6 8. 0-0 Bg4 9. h3 Be6 10. f4 Qc8 11. g4 Nxg4 12. hxg4 Bxg4 13. Qe1 Nd7 14. Qg3 Nf6 15. Bd2 Nh5 16. Qh2 f5 17. Ng3 Nxf4 18. Bxf4 exf4 19. Rxf4 Be5 20. Rxg4 fxg4 21. Rb1 Qd8 22. Nce2 Qf6 23. b3 h5 24. Qh1 Qf2+ 25. Kh2 h4 26. Qc1 hxg3+ 0-1

[Event "IECC Swiss email"]
[Site "IECC email"]
[Date "2000.01.17"]
[Round "?"]
[White "Gurkan, Ibrahim"]
[Black "Bruce, Earle"]
[Result "0-1"]
[WhiteElo "1400"]
[BlackElo "1609"]
[PlyCount "24"]
[EventDate "2000.??.??"]
[EventType "tourn (corr)"]
[EventRounds "6"]
[SourceTitle "Corr 2008"]
[Source "ChessBase"]
[SourceDate "2008.06.24"]
[SourceVersion "1"]
[SourceVersionDate "2008.06.24"]
[SourceQuality "1"]

1. c4 Nf6 2. Nf3 g6 3. Nc3 Bg7 4. d4 0-0 5. e4 d6 6. h3 e5 7. dxe5 dxe5 8. Qxd8 Rxd8 9. Nxe5 Nxe4 10. Nxf7 Bxc3+ 11. bxc3 Kxf7 12. Bb2 Nxf2 0-1

[Event "IECC Swiss email"]
[Site "IECC email"]
[Date "2000.01.17"]
[Round "?"]
[White "Jobe, Tom B"]
[Black "Gurkan, Ibrahim"]
[Result "1-0"]
[WhiteElo "1660"]
[BlackElo "1395"]
[PlyCount "35"]
[EventDate "2000.??.??"]
[EventType "tourn (corr)"]
[EventRounds "6"]
[SourceTitle "Corr 2008"]
[Source "ChessBase"]
[SourceDate "2008.06.24"]
[SourceVersion "1"]
[SourceVersionDate "2008.06.24"]
[SourceQuality "1"]

1. e4 e6 2. d4 d5 3. Nc3 Nf6 4. e5 Nfd7 5. f4 c5 6. Nf3 Qb6 7. Be3 Qxb2 8. Nb5 cxd4 9. Nc7+ Kd8 10. Bxd4 Bb4+ 11. Kf2 Bc3 12. Rb1 Bxd4+ 13. Nxd4 Qxa2 14. Nxa8 Qa5 15. Nb5 Na6 16. Nd6 Nac5 17. Bd3 b6 18. Nxf7+ 1-0